Le chateau de Chantilly (Record no. 6058)

MARC details
000 -CABECERA
campo de control de longitud fija 00580nam a2200217 a 4500
001 - NÚMERO DE CONTROL
campo de control BRCA_6372
005 - FECHA Y HORA DE LA ÚLTIMA TRANSACCIÓN
campo de control 20190320205429.0
008 - DATOS DE LONGITUD FIJA--INFORMACIÓN GENERAL
campo de control de longitud fija 260811s1938----fr-ab#####---#000-0#fre-#
041 ## - CÓDIGO DE LENGUA
Código de lengua del texto/banda sonora o título independiente fre
044 ## - CÓDIGO DEL PAÍS DE LA ENTIDAD EDITORA/PRODUCTORA
Código MARC del país fr
050 #4 - SIGNATURA TOPOGRÁFICA DE LA BIBLIOTECA DEL CONGRESO
Número de clasificación DC801
Número de documento/Ítem .C42 M35
-- 1938
100 1# - ENTRADA PRINCIPAL--NOMBRE DE PERSONA
Nombre de persona Malo, Henri
Fechas asociadas al nombre 1868-1949
9 (RLIN) 15959
245 10 - MENCIÓN DE TÍTULO
Título Le chateau de Chantilly
Mención de responsabilidad, etc. par Henri Malo.
250 ## - MENCIÓN DE EDICIÓN
Mención de edición 15
260 ## - PUBLICACIÓN, DISTRIBUCIÓN, ETC.
Lugar de publicación, distribución, etc. París
Nombre del editor, distribuidor, etc. Calmann-Leìvy
Fecha de publicación, distribución, etc. 1938
300 ## - DESCRIPCIÓN FÍSICA
Extensión 222 p.
Otras características físicas il., mapas, planos
Dimensiones 20 cm.
500 ## - NOTA GENERAL
Nota general K170
651 #4 - PUNTO DE ACCESO ADICIONAL DE MATERIA--NOMBRE GEOGRÁFICO
Nombre geográfico Chateau de Chantilly
Subdivisión geográfica Chantilly, Francia
9 (RLIN) 15960
902 ## - CATALOGADOR
Iniciales GFM
942 ## - ELEMENTOS DE PUNTO DE ACCESO ADICIONAL (KOHA)
Fuente del sistema de clasificación o colocación Library of Congress Classification
Tipo de ítem Koha Libros
Holdings
Estado de retiro Estado de pérdida Estado dañado No para préstamo Localización permanente Ubicación/localización actual Fecha de adquisición Número de inventario Total de préstamos Signatura topográfica completa Código de barras Fecha visto por última vez Precio válido a partir de Tipo de ítem Koha
El ejemplar forma parte de la colección y puede ser consultado según las políticas vigentes.       Biblioteca del Museo Franz Mayer (Rogerio Casas-Alatriste) Biblioteca del Museo Franz Mayer (Rogerio Casas-Alatriste) 26/08/2011 K170   DC801 .C42 M35 1938 (K170) 6819 22/03/2019 22/03/2019 Libros